MURÁNSKA JASKYŇA LÍŠČIA DIERA

Bibliographic Details
Main Author: Kámen, Svatopluk (Author)
Format: Article
Language:Slovak

MARC

LEADER 00000nab a2200000uu 4500
001 vtls011145737
003 SK-MaSNL
005 20260303145809.0
008 230222| xo |||||||||||||||||slo|
015 |a SNBRB 
035 |a (urnnbn)urn:nbn:sk:snk:ar-008jwm 
035 |a (uuid)3a935ffd-74b6-40f4-a75d-0725789b9ace 
035 |a urn:nbn:sk:snk-abawgq 
040 |a SNKBUCL  |b slo  |c SNKBUCL  |e AACR2 
041 0 |a slo 
044 |a xo  |c SK 
100 1 |a Kámen, Svatopluk  |4 aut  |9 1125033 
245 1 0 |a MURÁNSKA JASKYŇA LÍŠČIA DIERA  |c Svatopluk Kámen 
773 0 |t Slovenský kras : sborník Múzea slovenského krasu v Lipt. Mikuláši  |g Roč. 2, č. 1 (1957-1958), s. 144-[145] 
954 |a odborná, vedecká literatúra pôvodná (slovenská)  |2 lita 
958 |a OND 
958 |a EUIPO 
958 |a article14 
999 |c 2005320  |d 2007250